000 00557nam a2200229Ia 4500
003 OSt
005 20220924151815.0
006 a|||||r|||| 00| 0
007 ta
008 220923b |||||||| |||| 00| 0 mar d
024 _a339206
037 _cTextual
040 _aARTS
_cARTS
_bmar
041 _2mar
_amar
082 _aNR44wN1, L3
100 _aDevdhar B.R.
_9225008
245 0 _aThor sangeetkar
260 _c1973
650 _aMUSIC
_917402
942 _hNR44wN1, L3
_cTEXL
_2CC
999 _c467735
_d467735